00594nam a2200181Ia 4500008004100000020001400041041001200055082001600067100001700083245005700100250000800157260002900165300000800194650001600202942000700218999001500225952017200240221030s9999 xx 000 0 und d a817299624 aEnglish a105.23bTho aR. M. Thomas 0aIntroduction to Local Area Networkscby R. M. Thomas a2nd bBPB PubaNew Delhic1998 a236 aBE Computer cBK c2264d2264 pBE 1052g150.00l0o105.23 Thor2024-06-13 00:00:00w2022-10-30yBK003Print4070aMIETLIBbMIETLIBcBL-Academic Block C, FL-2, CUP-166, SH-1, R-1d2000-02-1210HBE